| 000 | 00650nam a2200241Ia 4500 | ||
|---|---|---|---|
| 003 | OSt | ||
| 005 | 20220924124711.0 | ||
| 006 | a|||||r|||| 00| 0 | ||
| 007 | ta | ||
| 008 | 220923b |||||||| |||| 00| 0 urd d | ||
| 020 | _c18.50 | ||
| 024 | _a310623 | ||
| 037 | _cTextual | ||
| 040 |
_aARTS _cARTS _burd |
||
| 041 |
_2urd _aurd |
||
| 082 | _aO168:gxN18,8, M9 | ||
| 100 |
_aKhan Nasud Hussain _9196707 |
||
| 245 | 0 | _aMaqalat-e-Masud | |
| 260 |
_aNew Delhi _b Taraqqi Urdu Beuro India _c1989 |
||
| 650 | _aURDU LITERATURE | ||
| 942 |
_hO168:gxN18,8, M9 _cTEXL _2CC |
||
| 999 |
_c420657 _d420657 |
||